000 00813nam a2200253Ia 4500
003 OSt
005 20220923223909.0
006 a|||||r|||| 00| 0
007 ta
008 220922b |||||||| |||| 00| 0 hin d
024 _a223,040
037 _cTextual
040 _aARTS
_cARTS
_bhin
041 _2hin
_ahin
082 _aO152,1N391x, P4
100 _aविमल, गंगाप्रसाद
245 0 _aअलिखित - अदिखत
246 _aAlikhit - adikhata
260 _aदिल्ली
_b आर्य प्रकाशन मंडल
_c2004
300 _a96पृ.
_ccm.
650 _aहिन्दी साहित्य
_9156264
942 _hO152,1N391x, P4
_cTEXL
_2CC
999 _c368072
_d368072